<?xml version="1.0" encoding="UTF-8"?>
<record
    xmlns:xsi="http://www.w3.org/2001/XMLSchema-instance"
    xsi:schemaLocation="http://www.loc.gov/MARC21/slim http://www.loc.gov/standards/marcxml/schema/MARC21slim.xsd"
    xmlns="http://www.loc.gov/MARC21/slim">

  <leader>01447cam a22002891  4500</leader>
  <controlfield tag="001">gs 65000406 </controlfield>
  <controlfield tag="003">DLC</controlfield>
  <controlfield tag="005">20260227111418.0</controlfield>
  <controlfield tag="008">720308s1959    bl a     b    000 0 por  </controlfield>
  <datafield tag="010" ind1=" " ind2=" ">
    <subfield code="a">gs 65000406 </subfield>
  </datafield>
  <datafield tag="035" ind1=" " ind2=" ">
    <subfield code="a">(OCoLC)258811</subfield>
  </datafield>
  <datafield tag="040" ind1=" " ind2=" ">
    <subfield code="a">DLC</subfield>
    <subfield code="c">OKentU</subfield>
    <subfield code="d">OCoLC</subfield>
    <subfield code="d">DLC</subfield>
  </datafield>
  <datafield tag="042" ind1=" " ind2=" ">
    <subfield code="a">premarc</subfield>
  </datafield>
  <datafield tag="050" ind1="0" ind2="0">
    <subfield code="a">QE235</subfield>
    <subfield code="b">.A2 no. 202, etc.</subfield>
  </datafield>
  <datafield tag="100" ind1="1" ind2=" ">
    <subfield code="a">Cunha, Fausto L. de Souza</subfield>
    <subfield code="q">(Fausto Luiz de Souza)</subfield>
  </datafield>
  <datafield tag="245" ind1="1" ind2="0">
    <subfield code="a">Mam&#xED;feros f&#xF3;sseis do Pleistoceno de Rio Grande do Sul.</subfield>
  </datafield>
  <datafield tag="260" ind1=" " ind2=" ">
    <subfield code="a">Rio de Janeiro :</subfield>
    <subfield code="b">Servic&#x31C;o Gr&#xE1;fico de Instituto Brasileiro de Geografia e Estat&#xED;stica,</subfield>
    <subfield code="c">1959-</subfield>
  </datafield>
  <datafield tag="300" ind1=" " ind2=" ">
    <subfield code="a">v. :</subfield>
    <subfield code="b">illus. ;</subfield>
    <subfield code="c">23 cm.</subfield>
  </datafield>
  <datafield tag="490" ind1="1" ind2=" ">
    <subfield code="a">Divis&#xE3;o de Geologia e Mineralogia.  Boletim</subfield>
    <subfield code="v">no. 202</subfield>
  </datafield>
  <datafield tag="500" ind1=" " ind2=" ">
    <subfield code="a">Vol. 1 has summary in English.</subfield>
  </datafield>
  <datafield tag="501" ind1=" " ind2=" ">
    <subfield code="a">With : Bibliografia e indice da geologia do Brasil (1641-1940), 1959 -- Rochas pirometassom&#xE1;ticas da mina de cobre de Santa Blandina, 1960 -- Bibliografia e indice da geologia do Brasil (1941-1950), 1960 -- Bibliografia e indice da geologia do Brasil (1958-1959), 1960.  Rio de Janeiro : Servic&#x31C;o Gr&#xE1;fico de Instituto Brasileiro de Geografia e Estat&#xED;stica.  Bound together subsequent to publication.</subfield>
    <subfield code="5">DLC</subfield>
  </datafield>
  <datafield tag="504" ind1=" " ind2=" ">
    <subfield code="a">Bibliography: v. 1, p. [44]-47.</subfield>
  </datafield>
  <datafield tag="650" ind1=" " ind2="0">
    <subfield code="a">Mammals, Fossil.</subfield>
  </datafield>
  <datafield tag="650" ind1=" " ind2="0">
    <subfield code="a">Paleontology</subfield>
    <subfield code="y">Pleistocene.</subfield>
  </datafield>
  <datafield tag="650" ind1=" " ind2="0">
    <subfield code="a">Paleontology</subfield>
    <subfield code="z">Brazil</subfield>
    <subfield code="z">Rio Grande do Sul (State)</subfield>
  </datafield>
  <datafield tag="810" ind1="1" ind2=" ">
    <subfield code="a">Brazil.</subfield>
    <subfield code="b">Divis&#xE3;o de Geologia e Mineralogia.</subfield>
    <subfield code="v">Boletim no. 202, etc.</subfield>
  </datafield>
  <datafield tag="999" ind1=" " ind2=" ">
    <subfield code="c">30130</subfield>
    <subfield code="d">30130</subfield>
  </datafield>
</record>
